1251 1471 1942 1817 1215 1887 1346 1869 1766 1427 1446 1681 1712 1100 1665 1597 1591 1536 1376 1554 1380 1911 1222 1673 1252 1565 1602 1621 1588 1226 1130 1169 1892 1253 1057 1860 1246 1164 1550 1457 1938 1501 1267 1854 1843 1108 1904 1694 1983 1063 1754 1478 1694 1469 1480 1046 1948 1957 1669 1070 1890 1486 1456 1589 1127 1478 1576 1881 1599 1514 1275 1497 1106 1438 1264 1288 1687 1948 1954 1581 1188 1961 1015 1033 1191 1694 1107 1690 1645 1991 1636 1063 1051 1465 1547 1085 1104 1499 1888 BCNSPRNW ULIB Ver.6.0+V

เปลี่ยนเป็นภาษาไทย

Change to English
 แสดงรายละเอียดบรรณานุกรม
  กลับหน้าหลัก

Brief Record : Get Marc (ISO 2709) : E-mail record : QR code < ปิดหน้าต่าง
LEADER : 00000nam 2200000uu 4500
001    13399112934
003     ULIB
008    110919s2552||||th 000 0 tha d
020    9786119015302
090    นว.^bส174ร 2552
100 0  สเตเฟนี่ เมเยอร์
245 00 รุ่งอรุโณทัย เล่ม 1/^cอาทิตยา แปล
250    พิมพ์ครั้งที่ 5
260    กรุงเทพฯ :^bปราชญ์เปรียว,^c2552
300    384 หน้า
945    ^p280^l0^i16299
995    กัณชพร
999     ^aใช้งานได้ทุกระบบ
รายการนี้ยังไม่มีแท็ก
คุณยังไม่ได้ล็อกอิน คุณสามารถมีกิจกรรมร่วมกับเว็บไซต์ได้ แต่ต้องล็อกอินก่อน ::
  ล็อกอิน

รายการสื่อสารสนเทศ

ลำดับที่ ประเภท เลขเรียก/บาร์โค้ด สถานที่ สถานะ
1. วิทยาศาสตร์การแพทย์ และสุขภาพ
วิทยาศาสตร์การแพทย์ และสุขภาพ
นว. ส174ร 2552  
  Barcode: 16299
ห้องสมุดวิทยาเขตสวรรค์ประชารักษ์
►นวนิยาย
บนชั้น
  ขอยืม

รายการใกล้เคียง
    ผู้แต่ง [สเตเฟนี่ เมเยอร์]

BibComment


ยังไม่เคยถูกคอมเมนท์

คอมเมนท์ทรัพยากรรายการนี้
  คอมเมนท์: รุ่งอรุโณทัย เล่ม..


 Copyright 2026. Bcnsprnw @Library